| 000 | 00926nam a2200193Ia 4500 | ||
|---|---|---|---|
| 999 |
_c40281 _d40281 |
||
| 001 | 6889 | ||
| 003 | GE_BSU | ||
| 005 | 20200203141308.0 | ||
| 008 | 181216s1991||||ge |||||||||||||| ||geo|| | ||
| 040 | _cGE_BSU | ||
| 041 | _ageo | ||
| 080 | _a821.353.1-1 გ-76 | ||
| 100 |
_aგრანელი, ტერენტი. _96696 |
||
| 245 |
_aტომი პირველი : _bლექსები / _cტერენტი გრანელი ; შედგენა, რედაქცია და წინათქმა : ლერი ალიმონაკისა ; მხატვ. მზია დედანაშვილი. |
||
| 264 |
_aთბილისი : _bქართული თეატრი, _c1991. |
||
| 300 |
_a278 გვ. ; _bფოტო-პორტრეტი ; _c20 სმ. |
||
| 653 | _aლექსები | ||
| 942 |
_cBK _2udc |
||